[Event "CAN-op"]
[Site "Victoria CAN"]
[Date "2012.07.09"]
[Round "4"]
[White "Han, Yiming"]
[Black "Finlay, Ian"]
[Result "0-1"]
[WhiteElo "2060"]
[BlackElo "1792"]
[PlyCount "66"]
[GameId "2160767909442613"]
[EventDate "2012.07.08"]
[EventType "swiss"]
[EventRounds "9"]
[EventCountry "CAN"]
[SourceTitle "EXT 2014"]
[Source "ChessBase"]
[SourceDate "2013.11.20"]
[SourceVersion "1"]
[SourceVersionDate "2013.11.20"]
[SourceQuality "1"]

1. e4 e5 2. Nf3 Nc6 3. Bc4 Nf6 4. Ng5 d5 5. exd5 Nd4 6. c3 b5 7. cxd4 bxc4 8. dxe5 Nxd5 9. Ne4 Nb4 10. O-O Qd3 11. Nbc3 Nc2 12. Rb1 Nd4 13. f4 Bf5 14. Nf2 Qc2 15. Qxc2 Bxc2 16. Ra1 Bc5 17. Kh1 O-O 18. Nd5 c6 19. Ne3 Bg6 20. f5 Nxf5 21. Nxc4 Nd4 22. d3 Nc2 23. Rb1 f6 24. Ne4 fxe5 25. Bd2 Bxe4 26. dxe4 Rae8 27. Na5 Nd4 28. Rfc1 Bb6 29. Nxc6 Ne2 30. Rf1 Re6 31. Rxf8+ Kxf8 32. Rf1+ Kg8 33. Bb4 Ng3+ 0-1

[Event "CAN-op"]
[Site "Victoria CAN"]
[Date "2012.07.09"]
[Round "4"]
[White "Hansen, Eric"]
[Black "Wu, Howard"]
[Result "1-0"]
[WhiteElo "2460"]
[BlackElo "2120"]
[PlyCount "57"]
[GameId "2160767909442614"]
[EventDate "2012.07.08"]
[EventType "swiss"]
[EventRounds "9"]
[EventCountry "CAN"]
[SourceTitle "CBM 149 Extra"]
[Source "ChessBase"]
[SourceDate "2012.08.24"]
[SourceVersion "1"]
[SourceVersionDate "2012.08.24"]
[SourceQuality "1"]

1. c4 Nf6 2. Nc3 c5 3. g3 g6 4. Bg2 Bg7 5. a3 O-O 6. b4 cxb4 7. axb4 d6 8. Rb1 Qc7 9. d3 Be6 10. e4 Nc6 11. Nge2 Ng4 12. O-O Nd4 13. Nxd4 Bxd4 14. Nb5 Qb6 15. Nxd4 Qxd4 16. Bb2 Qb6 17. Qd2 Ne5 18. Kh1 f6 19. f4 Nc6 20. b5 Nb8 21. f5 Bf7 22. fxg6 hxg6 23. Qh6 Nd7 24. Bh3 Ne5 25. Rf4 Qe3 26. Rbf1 Nxd3 27. Bc1 Nxc1 28. Be6 g5 29. Rh4 1-0

[Event "CAN-op"]
[Site "Victoria CAN"]
[Date "2012.07.09"]
[Round "4"]
[White "Itkin, David"]
[Black "Villavieja, Butch"]
[Result "0-1"]
[WhiteElo "2044"]
[BlackElo "2303"]
[PlyCount "74"]
[GameId "2160767909442615"]
[EventDate "2012.07.08"]
[EventType "swiss"]
[EventRounds "9"]
[EventCountry "CAN"]

1. e4 c5 2. Nf3 d6 3. d4 cxd4 4. Nxd4 Nf6 5. f3 Nc6 6. c4 g6 7. Nc3 Bd7 8. Be3 Bg7 9. Qd2 O-O 10. Be2 Ne5 11. O-O Be6 12. b3 Nc6 13. Rac1 Qa5 14. Rfd1 Rfc8 15. Bf1 Nd7 16. Nxe6 fxe6 17. Ne2 Qxd2 18. Rxd2 e5 19. Nc3 Nd4 20. Bxd4 exd4 21. Nb5 Bh6 22. Rcd1 Bxd2 23. Rxd2 a5 24. Nxd4 a4 25. g3 axb3 26. axb3 Ra1 27. Nc2 Rb1 28. Kf2 Ra8 29. Nd4 Nc5 30. Bh3 Kf7 31. Nb5 Nxb3 32. Rc2 Nc5 33. Ke3 Rb3+ 34. Kf4 Nd3+ 35. Kg5 h6+ 36. Kh4 Ne1 37. Rf2 Nxf3+ 0-1

[Event "CAN-op"]
[Site "Victoria CAN"]
[Date "2012.07.09"]
[Round "4"]
[White "Jessa, Omar"]
[Black "Plotkin, Mark"]
[Result "0-1"]
[WhiteElo "1853"]
[BlackElo "1976"]
[PlyCount "51"]
[GameId "2160767909442616"]
[EventDate "2012.07.08"]
[EventType "swiss"]
[EventRounds "9"]
[EventCountry "CAN"]

1. g3 Nf6 2. Bg2 g6 3. e4 d6 4. Ne2 Bg7 5. O-O c5 6. h3 Nc6 7. Nbc3 Rb8 8. d4 cxd4 9. Nxd4 O-O 10. Be3 a6 11. a4 Bd7 12. Qd2 Ne5 13. b3 b5 14. f4 b4 15. fxe5 bxc3 16. Qxc3 dxe5 17. Ne2 Rc8 18. Qb2 Qc7 19. c4 Qb7 20. Qc2 Bc6 21. Nc3 Nh5 22. Kh2 f5 23. Nd5 f4 24. g4 Ng3 25. Nxe7+ Qxe7 26. Rxf4 0-1

[Event "CAN-op"]
[Site "Victoria CAN"]
[Date "2012.07.09"]
[Round "4"]
[White "Kalisvaart, Peter"]
[Black "Kenney, David"]
[Result "1/2-1/2"]
[WhiteElo "2035"]
[BlackElo "1978"]
[PlyCount "81"]
[GameId "2160767909442617"]
[EventDate "2012.07.08"]
[EventType "swiss"]
[EventRounds "9"]
[EventCountry "CAN"]

1. d4 d5 2. c4 e6 3. Nc3 Nf6 4. Bg5 Be7 5. e3 O-O 6. Nf3 Nbd7 7. Rc1 c6 8. Bd3 h6 9. Bh4 Re8 10. O-O dxc4 11. Bxc4 c5 12. a3 a6 13. Ba2 b5 14. Qe2 Bb7 15. Rfd1 Qb6 16. d5 exd5 17. Nxd5 Nxd5 18. Bxd5 Bxd5 19. Bxe7 Rxe7 20. Rxd5 c4 21. Rcd1 Nc5 22. Ne5 Ne4 23. Qf3 Ng5 24. Qg3 Qf6 25. f4 Ne6 26. Rd6 Qf5 27. Qf3 Rae8 28. g4 Qc2 29. Qf2 Qxf2+ 30. Kxf2 Nc5 31. Rc6 Na4 32. Rd2 f6 33. Nxc4 bxc4 34. Rxc4 Nb6 35. Rc6 Re6 36. Rdd6 Rxd6 37. Rxd6 Rb8 38. b4 a5 39. bxa5 Nc4 40. Re6 Nxa5 41. h4 1/2-1/2

[Event "CAN-op"]
[Site "Victoria CAN"]
[Date "2012.07.09"]
[Round "4"]
[White "Lassler, Peter"]
[Black "Yoos, John"]
[Result "0-1"]
[WhiteElo "2217"]
[BlackElo "2392"]
[PlyCount "72"]
[GameId "2160767909442618"]
[EventDate "2012.07.08"]
[EventType "swiss"]
[EventRounds "9"]
[EventCountry "CAN"]

1. d4 Nf6 2. Nf3 g6 3. c4 Bg7 4. Nc3 O-O 5. e4 d6 6. Be2 e5 7. O-O Nc6 8. d5 Ne7 9. b4 Ne8 10. c5 f5 11. Nd2 Nf6 12. f3 f4 13. Nc4 g5 14. Ba3 Ng6 15. b5 dxc5 16. Bxc5 Rf7 17. Kh1 h5 18. Qa4 g4 19. Rad1 Nh7 20. d6 Qh4 21. dxc7 g3 22. Rd8+ Bf8 23. Bg1 Rxc7 24. Rfd1 Kg7 25. b6 Rc6 26. Rxc8 Rcxc8 27. bxa7 gxh2 28. Bb6 Kh6 29. Nb5 Bc5 30. Bxc5 Rxc5 31. Nbd6 Qf2 32. Nf5+ Kg5 33. Ncd6 Rc7 34. Bb5 Rxa7 35. Qb4 Rc2 36. Bf1 Qg1# 0-1

[Event "CAN-op"]
[Site "Victoria CAN"]
[Date "2012.07.09"]
[Round "4"]
[White "Lee, Andrew"]
[Black "North, Robert"]
[Result "1-0"]
[WhiteElo "1682"]
[BlackElo "1913"]
[PlyCount "63"]
[GameId "2160767909442619"]
[EventDate "2012.07.08"]
[EventType "swiss"]
[EventRounds "9"]
[EventCountry "CAN"]
[SourceTitle "EXT 2022"]
[Source "ChessBase"]
[SourceDate "2021.10.06"]
[SourceVersion "1"]
[SourceVersionDate "2021.10.06"]
[SourceQuality "1"]

1. e4 c5 2. Nf3 d6 3. d4 cxd4 4. Nxd4 Nf6 5. Nc3 a6 6. Be2 e6 7. O-O Be7 8. Be3 O-O 9. f4 Qc7 10. a4 Nc6 11. Bf3 Rb8 12. Kh1 Bd7 13. Nb3 b6 14. g4 Bc8 15. g5 Nd7 16. Bg2 Re8 17. Qh5 g6 18. Qh4 Nb4 19. Rac1 Bb7 20. Rf3 h5 21. Rh3 Kg7 22. Qf2 Ba8 23. Rf1 Rf8 24. f5 exf5 25. exf5 Bxg2+ 26. Kxg2 Qb7+ 27. Kg1 Bd8 28. Bd4+ Kg8 29. Qe2 b5 30. fxg6 fxg6 31. Qe6+ Kh7 32. Rxh5+ 1-0

[Event "CAN-op"]
[Site "Victoria CAN"]
[Date "2012.07.09"]
[Round "4"]
[White "Longo, Tyler"]
[Black "Landingin, Jofrei"]
[Result "1-0"]
[WhiteElo "1909"]
[BlackElo "1915"]
[PlyCount "113"]
[GameId "2160767909442621"]
[EventDate "2012.07.08"]
[EventType "swiss"]
[EventRounds "9"]
[EventCountry "CAN"]

1. d4 Nf6 2. Nf3 g6 3. b3 Bg7 4. Bb2 Ne4 5. Nbd2 d5 6. e3 f5 7. h4 Bf6 8. h5 g5 9. Nxe4 fxe4 10. Ne5 O-O 11. Be2 c6 12. f3 Qa5+ 13. Qd2 Qxd2+ 14. Kxd2 exf3 15. gxf3 Bf5 16. Ng4 Bxg4 17. fxg4 Nd7 18. Bd3 Rae8 19. e4 e5 20. exd5 exd4 21. dxc6 bxc6 22. Bc4+ Kh8 23. Ba3 Be7 24. Bxe7 Rxe7 25. Rhf1 Rfe8 26. Rf5 Ne5 27. Be2 Nf7 28. Bd3 Ne5 29. Raf1 h6 30. Rf6 Kg7 31. Rd6 Rd7 32. Rff6 Rxd6 33. Rxd6 c5 34. Rd5 Nxg4 35. Rxc5 Nf6 36. Rc7+ Kf8 37. Bg6 Re7 38. Rxe7 Kxe7 39. Kd3 Ng4 40. Kxd4 Kf6 41. Ke4 Ne5 42. Be8 Nf7 43. Bd7 Ne5 44. Bc8 Nc6 45. a3 Ne7 46. Bd7 Ng8 47. Be8 Ke7 48. Bg6 Kf6 49. c4 Ne7 50. c5 Ke6 51. b4 Ng8 52. Bf5+ Ke7 53. b5 Nf6+ 54. Ke5 Nd7+ 55. Kd5 Nb8 56. c6 Kd8 57. Kd6 1-0

[Event "CAN-op"]
[Site "Victoria CAN"]
[Date "2012.07.09"]
[Round "4"]
[White "Lundy, George"]
[Black "Lindholdt, Malik"]
[Result "0-1"]
[WhiteElo "1614"]
[BlackElo "1992"]
[PlyCount "86"]
[GameId "2160767909442622"]
[EventDate "2012.07.08"]
[EventType "swiss"]
[EventRounds "9"]
[EventCountry "CAN"]

1. e4 c5 2. Nf3 d6 3. Bd3 Nc6 4. c3 Nf6 5. Bc2 g6 6. d3 Bg7 7. h3 O-O 8. O-O Qc7 9. Bf4 e5 10. Be3 b6 11. Re1 d5 12. Nbd2 Ba6 13. Qc1 d4 14. Bg5 dxc3 15. bxc3 h6 16. Bxf6 Bxf6 17. Nf1 Kg7 18. Ne3 Bg5 19. Nxg5 hxg5 20. Nd5 Qd8 21. g4 f6 22. Kg2 Ne7 23. c4 Bb7 24. Bb3 Nc6 25. Qe3 Nd4 26. Rh1 Rh8 27. Rh2 Ne6 28. Rah1 Nf4+ 29. Kf1 Rh4 30. f3 Bxd5 31. cxd5 Qd7 32. Kf2 Kf8 33. Kg3 Ke7 34. Bc4 Kd6 35. Re1 Rah8 36. Reh1 R8h6 37. Qe1 b5 38. Qa5 bxc4 39. Qa6+ Ke7 40. dxc4 Qc7 41. d6+ Qxd6 42. Qxa7+ Ke6 43. Qb7 Rh8 0-1

[Event "CAN-op"]
[Site "Victoria CAN"]
[Date "2012.07.09"]
[Round "4"]
[White "McLaren, Brian"]
[Black "Piasetski, Leon"]
[Result "1-0"]
[WhiteElo "2154"]
[BlackElo "2290"]
[PlyCount "69"]
[GameId "2160767909442623"]
[EventDate "2012.07.08"]
[EventType "swiss"]
[EventRounds "9"]
[EventCountry "CAN"]
[SourceTitle "CBM 149 Extra"]
[Source "ChessBase"]
[SourceDate "2012.08.24"]
[SourceVersion "1"]
[SourceVersionDate "2012.08.24"]
[SourceQuality "1"]

1. e4 c5 2. Nc3 Nc6 3. g3 g6 4. Bg2 Bg7 5. d3 d6 6. f4 e6 7. Nf3 Nge7 8. O-O O-O 9. Be3 Nd4 10. e5 Nef5 11. Bf2 Nxf3+ 12. Bxf3 Nd4 13. Bg2 dxe5 14. fxe5 Bxe5 15. Ne4 f5 16. Nxc5 Qc7 17. b4 Nc6 18. d4 Bd6 19. c3 Bxc5 20. bxc5 Bd7 21. Re1 Rae8 22. Be3 e5 23. Qb3+ Kg7 24. dxe5 h6 25. Rab1 Na5 26. Qb4 Rf7 27. Red1 Bc6 28. Rd6 g5 29. e6 Rfe7 30. Qd4+ Kg6 31. g4 Bxg2 32. gxf5+ Kxf5 33. Kxg2 Rxe6 34. Rf1+ Kg6 35. Rf6+ 1-0

[Event "CAN-op"]
[Site "Victoria CAN"]
[Date "2012.07.09"]
[Round "4"]
[White "Moore, Harry"]
[Black "Kenney, Jason"]
[Result "1/2-1/2"]
[WhiteElo "2283"]
[BlackElo "2136"]
[PlyCount "130"]
[GameId "2160767909442624"]
[EventDate "2012.07.08"]
[EventType "swiss"]
[EventRounds "9"]
[EventCountry "CAN"]
[SourceTitle "CBM 149 Extra"]
[Source "ChessBase"]
[SourceDate "2012.08.24"]
[SourceVersion "1"]
[SourceVersionDate "2012.08.24"]
[SourceQuality "1"]

1. e4 c5 2. Nf3 d6 3. d4 cxd4 4. Nxd4 Nf6 5. Nc3 a6 6. Bc4 e6 7. O-O Be7 8. Bb3 O-O 9. f4 Nbd7 10. f5 Nc5 11. fxe6 fxe6 12. Be3 Bd7 13. Qe2 b5 14. Rad1 Nxb3 15. axb3 Qc7 16. b4 Rac8 17. Nf3 e5 18. Bg5 Be6 19. Qd2 Bc4 20. Rfe1 Ng4 21. Be3 Nxe3 22. Qxe3 a5 23. bxa5 Qxa5 24. Ra1 Qb4 25. Qd2 Bd8 26. Kh1 Bb6 27. Rab1 Qc5 28. Rbd1 Rf6 29. Nd5 Bxd5 30. Qxd5+ Qxd5 31. Rxd5 b4 32. Rb5 Bc5 33. c3 bxc3 34. bxc3 Rf4 35. Reb1 Rxe4 36. Rb8 Rf8 37. h3 Ref4 38. Ng5 Rxb8 39. Rxb8+ Rf8 40. Rb7 Rf1+ 41. Kh2 h6 42. Ne6 Bg1+ 43. Kg3 Rf6 44. Rxg7+ Kh8 45. Re7 d5 46. Nc7 d4 47. cxd4 exd4 48. Rd7 Kg8 49. Nb5 Be3 50. Nxd4 Bxd4 51. Rxd4 Kg7 52. Rg4+ Kh7 53. Kh4 Ra6 54. Rb4 Ra5 55. Rb6 Rc5 56. Re6 Ra5 57. Kg3 Ra3+ 58. Kf4 Ra5 59. g4 Kg7 60. h4 Ra4+ 61. Kf5 Ra5+ 62. Re5 Ra7 63. g5 hxg5 64. hxg5 Rf7+ 65. Kg4 Rf1 1/2-1/2

[Event "CAN-op"]
[Site "Victoria CAN"]
[Date "2012.07.09"]
[Round "4"]
[White "Ozkan, Charlie"]
[Black "McKay, Arnold"]
[Result "1-0"]
[WhiteElo "1931"]
[BlackElo "1830"]
[PlyCount "55"]
[GameId "2160767909442625"]
[EventDate "2012.07.08"]
[EventType "swiss"]
[EventRounds "9"]
[EventCountry "CAN"]

1. c4 e5 2. Nc3 Nf6 3. g3 Nc6 4. Bg2 Bb4 5. d3 Bxc3+ 6. bxc3 O-O 7. Nf3 d6 8. O-O Rb8 9. Rb1 Bd7 10. Ne1 Qc8 11. Bg5 Ne8 12. Bxc6 Bxc6 13. Be7 Nf6 14. Bxf8 Qh3 15. f3 Rxf8 16. e4 Nh5 17. Qe2 Qc8 18. f4 g6 19. f5 f6 20. Ng2 Ng7 21. Ne3 g5 22. Rf2 b6 23. h4 h6 24. Rbf1 Be8 25. hxg5 hxg5 26. Rh2 c6 27. Qg4 Kf7 28. Rh7 1-0

[Event "CAN-op"]
[Site "Victoria CAN"]
[Date "2012.07.09"]
[Round "4"]
[White "Patterson, Roger"]
[Black "Barron, Michael"]
[Result "1-0"]
[WhiteElo "2101"]
[BlackElo "2173"]
[PlyCount "121"]
[GameId "2160767909442626"]
[EventDate "2012.07.08"]
[EventType "swiss"]
[EventRounds "9"]
[EventCountry "CAN"]
[SourceTitle "CBM 149 Extra"]
[Source "ChessBase"]
[SourceDate "2012.08.24"]
[SourceVersion "1"]
[SourceVersionDate "2012.08.24"]
[SourceQuality "1"]

1. e4 e5 2. Nf3 Nc6 3. Bb5 a6 4. Ba4 Nf6 5. O-O Be7 6. Re1 b5 7. Bb3 O-O 8. c3 d6 9. h3 Na5 10. Bc2 c5 11. d4 Qc7 12. Nbd2 Bb7 13. d5 g6 14. Nf1 Nh5 15. Bh6 Rfb8 16. b3 Bc8 17. Ng3 Ng7 18. Nh2 Nb7 19. Qd2 Nd8 20. f4 exf4 21. Qxf4 f6 22. Bd1 Nf7 23. Qd2 a5 24. Bg4 c4 25. Be3 h5 26. Be2 Ne5 27. Nf3 cxb3 28. axb3 a4 29. Nxe5 fxe5 30. b4 Bd7 31. Rec1 Qb7 32. Nf1 Ne8 33. Nh2 Nf6 34. Bd3 Rf8 35. Nf3 Nh7 36. c4 bxc4 37. Bxc4 Bb5 38. Qd3 Bxc4 39. Rxc4 Qb5 40. Qc2 Rfb8 41. Ra3 Bd8 42. Kh2 Qd7 43. Rc6 Rxb4 44. Bd2 Rb5 45. Rxa4 Rab8 46. Qc4 g5 47. Rb4 Rxb4 48. Bxb4 Be7 49. Nxe5 dxe5 50. d6+ Kh8 51. dxe7 Re8 52. Rc7 Qa4 53. Qf7 g4 54. Bd6 Qb5 55. Rd7 Rg8 56. Qxh7+ Kxh7 57. e8=Q+ Kh6 58. Rh7+ Kxh7 59. Qxb5 g3+ 60. Kg1 Rd8 61. Qxe5 1-0

[Event "CAN-op"]
[Site "Victoria CAN"]
[Date "2012.07.09"]
[Round "4"]
[White "Porper, Edward"]
[Black "Fiedler, Brian"]
[Result "1-0"]
[WhiteElo "2421"]
[BlackElo "2066"]
[PlyCount "81"]
[GameId "2160767909442627"]
[EventDate "2012.07.08"]
[EventType "swiss"]
[EventRounds "9"]
[EventCountry "CAN"]
[SourceTitle "CBM 149 Extra"]
[Source "ChessBase"]
[SourceDate "2012.08.24"]
[SourceVersion "1"]
[SourceVersionDate "2012.08.24"]
[SourceQuality "1"]

1. d4 e6 2. c4 f5 3. g3 Nf6 4. Bg2 c6 5. Nf3 d5 6. O-O Bd6 7. b3 Qe7 8. a4 a5 9. Ba3 Na6 10. Bxd6 Qxd6 11. e3 O-O 12. Nc3 Bd7 13. Ne2 Nb4 14. Nf4 Ng4 15. Nd3 Nxd3 16. Qxd3 Be8 17. Qc3 Bh5 18. Rab1 Nf6 19. Ne5 Ne4 20. Qb2 Rfb8 21. Rfc1 Be8 22. Qc2 Qe7 23. Rb2 Qg5 24. Rcb1 Qe7 25. Bf1 Nd6 26. b4 axb4 27. Rxb4 Nf7 28. Nd3 Nd8 29. Nc5 g6 30. Qb2 Ra7 31. Rb6 Rba8 32. h4 h5 33. Qe2 Kf8 34. Qf3 Kg8 35. Qf4 Bf7 36. Qe5 Rc8 37. cxd5 cxd5 38. Bb5 Qc7 39. Rd6 b6 40. Nd7 Qc2 41. Rf1 1-0

[Event "CAN-op"]
[Site "Victoria CAN"]
[Date "2012.07.09"]
[Round "4"]
[White "Raymer, Elliot"]
[Black "Wagner, Bernd"]
[Result "1-0"]
[WhiteElo "1818"]
[BlackElo "2218"]
[PlyCount "105"]
[GameId "2160767909442628"]
[EventDate "2012.07.08"]
[EventType "swiss"]
[EventRounds "9"]
[EventCountry "CAN"]

1. e4 e6 2. d4 d5 3. Nd2 Nc6 4. Ngf3 Nf6 5. Bd3 Nb4 6. Qe2 Nxd3+ 7. Qxd3 Be7 8. e5 Nd7 9. h4 c5 10. c3 b6 11. Ng5 Nf8 12. Ndf3 h6 13. Nh3 a5 14. Nf4 Ba6 15. Qc2 Qc7 16. Nh5 Rg8 17. Be3 Qc6 18. g4 Qb5 19. Nf4 a4 20. O-O-O Rc8 21. g5 hxg5 22. Nxg5 cxd4 23. Bxd4 Qa5 24. Rdg1 a3 25. b3 Bc5 26. Bxc5 Qxc5 27. Rg3 d4 28. Rd1 Qxe5 29. Rxd4 Qxd4 30. cxd4 Rxc2+ 31. Kxc2 Rh8 32. h5 Ke7 33. b4 Nd7 34. Rxa3 Bb5 35. Ra7 Rc8+ 36. Kb3 Rc1 37. a4 Bc4+ 38. Kb2 Rf1 39. Kc3 Bd5 40. Nxd5+ exd5 41. Nh3 Rc1+ 42. Kd2 Rc4 43. Nf4 Rxd4+ 44. Ke3 Re4+ 45. Kf3 Re5 46. a5 bxa5 47. Nd3 Rxh5 48. Kg4 Rh8 49. Ne5 axb4 50. f4 b3 51. Rxd7+ Ke6 52. Rb7 f6 53. Rb6+ 1-0

[Event "CAN-op"]
[Site "Victoria CAN"]
[Date "2012.07.09"]
[Round "4"]
[White "Reeve, Jeff"]
[Black "Daniluk, Jim"]
[Result "1-0"]
[WhiteElo "2234"]
[BlackElo "1968"]
[PlyCount "37"]
[GameId "2160767909442629"]
[EventDate "2012.07.08"]
[EventType "swiss"]
[EventRounds "9"]
[EventCountry "CAN"]
[SourceTitle "CBM 149 Extra"]
[Source "ChessBase"]
[SourceDate "2012.08.24"]
[SourceVersion "1"]
[SourceVersionDate "2012.08.24"]
[SourceQuality "1"]

1. d4 Nf6 2. c4 Nc6 3. Nf3 e6 4. Nc3 Bb4 5. Qc2 d6 6. a3 Bxc3+ 7. Qxc3 Qe7 8. Bg5 Ne4 9. Bxe7 Nxc3 10. Bxd6 Nxe2 11. Bxc7 Nexd4 12. Nxd4 Nxd4 13. O-O-O Nc6 14. b4 a6 15. b5 axb5 16. cxb5 Rxa3 17. Kb2 Ra4 18. bxc6 O-O 19. Bd6 1-0

[Event "CAN-op"]
[Site "Victoria CAN"]
[Date "2012.07.09"]
[Round "4"]
[White "Rohonyan, Katerina"]
[Black "Mikhalevski, Victor"]
[Result "0-1"]
[WhiteElo "2294"]
[BlackElo "2526"]
[PlyCount "58"]
[GameId "2160767909442630"]
[EventDate "2012.07.08"]
[EventType "swiss"]
[EventRounds "9"]
[EventCountry "CAN"]
[SourceTitle "CBM 149 Extra"]
[Source "ChessBase"]
[SourceDate "2012.08.24"]
[SourceVersion "1"]
[SourceVersionDate "2012.08.24"]
[SourceQuality "1"]

1. e4 c5 2. Nf3 d6 3. Bc4 Nf6 4. d3 Nc6 5. Bb3 g6 6. O-O Bg7 7. c3 O-O 8. Nbd2 b5 9. a4 b4 10. Re1 Nd7 11. Bd5 Bb7 12. cxb4 cxb4 13. Nc4 Nf6 14. Bxc6 Bxc6 15. Qb3 a5 16. Bg5 Bb7 17. Rad1 h6 18. Be3 Nd7 19. Bd4 Bxd4 20. Nxd4 d5 21. Ne3 Qb6 22. Nb5 Nc5 23. Nxd5 Qxb5 24. Nxe7+ Kh7 25. axb5 Nxb3 26. d4 a4 27. Nc6 a3 28. Nxb4 axb2 29. d5 Nc1 0-1

[Event "CAN-op"]
[Site "Victoria CAN"]
[Date "2012.07.09"]
[Round "4"]
[White "Rotariu, Constantin"]
[Black "Botez, Alexandra"]
[Result "1-0"]
[WhiteElo "1665"]
[BlackElo "2021"]
[PlyCount "55"]
[GameId "2160767909442631"]
[EventDate "2012.07.08"]
[EventType "swiss"]
[EventRounds "9"]
[EventCountry "CAN"]

1. e4 e6 2. d4 d5 3. exd5 exd5 4. Bd3 Bd6 5. Nf3 Ne7 6. O-O Bg4 7. Bg5 Nbc6 8. c3 f6 9. Bc1 Qd7 10. b4 O-O-O 11. a4 g5 12. a5 Ng6 13. b5 Nce7 14. b6 a6 15. bxc7 Qxc7 16. h3 Bd7 17. Qb3 h5 18. Qb6 Qb8 19. Ba3 Bxa3 20. Rxa3 Nf4 21. Bxa6 bxa6 22. Qxa6+ Qb7 23. Qxf6 Nc6 24. a6 Qa7 25. Nbd2 Rdf8 26. Qd6 g4 27. Rb1 Nd8 28. Rab3 1-0

[Event "CAN-op"]
[Site "Victoria CAN"]
[Date "2012.07.09"]
[Round "4"]
[White "Smith, Andrew M"]
[Black "Li, Kevin"]
[Result "1/2-1/2"]
[WhiteElo "2024"]
[BlackElo "2232"]
[PlyCount "120"]
[GameId "2160767909442632"]
[EventDate "2012.07.08"]
[EventType "swiss"]
[EventRounds "9"]
[EventCountry "CAN"]

1. e4 c5 2. f4 d5 3. exd5 Qxd5 4. Nc3 Qd8 5. Nf3 Nf6 6. Bc4 e6 7. O-O Be7 8. d3 O-O 9. Ne5 Nbd7 10. Qe2 Nb6 11. Bb3 a6 12. Bd2 Qc7 13. Rae1 Bd6 14. Ne4 Nbd5 15. Nxd6 Qxd6 16. Rf3 Bd7 17. g4 g6 18. Rh3 Kg7 19. g5 Ng8 20. c4 Nc7 21. Bc3 f6 22. Ng4 Ne8 23. gxf6+ Nexf6 24. Be5 Qe7 25. d4 h5 26. Nf2 Kh7 27. Bc2 Nh6 28. Rxh5 Nxh5 29. Qxh5 Rf5 30. Bxf5 exf5 31. Qf3 Rg8 32. Qxb7 cxd4 33. c5 Re8 34. c6 Bc8 35. Qxe7+ Rxe7 36. Rc1 Nf7 37. Bxd4 Re6 38. b4 g5 39. a4 gxf4 40. b5 axb5 41. axb5 Ng5 42. Bc3 Rg6 43. Nd3 Nh3+ 44. Kf1 f3 45. Bd4 Rg2 46. Ne5 Rxh2 47. Nxf3 Rh1+ 48. Ng1 Nf4 49. Ra1 Be6 50. b6 Rh2 51. Nf3 Bc4+ 52. Kg1 Rg2+ 53. Kh1 Bd5 54. Ra7+ Kh6 55. Be3 Rg4 56. Bxf4+ Rxf4 57. b7 Bxf3+ 58. Kh2 Rb4 59. c7 Bxb7 60. Rxb7 Rc4 1/2-1/2

[Event "CAN-op"]
[Site "Victoria CAN"]
[Date "2012.07.09"]
[Round "4"]
[White "Sohal, Tanraj"]
[Black "Fedorowicz, John"]
[Result "0-1"]
[WhiteElo "2102"]
[BlackElo "2440"]
[PlyCount "106"]
[GameId "2160767909442633"]
[EventDate "2012.07.08"]
[EventType "swiss"]
[EventRounds "9"]
[EventCountry "CAN"]
[SourceTitle "CBM 149 Extra"]
[Source "ChessBase"]
[SourceDate "2012.08.24"]
[SourceVersion "1"]
[SourceVersionDate "2012.08.24"]
[SourceQuality "1"]

1. d4 Nf6 2. c4 g6 3. Nc3 d5 4. cxd5 Nxd5 5. e4 Nxc3 6. bxc3 Bg7 7. Bc4 O-O 8. Ne2 Nc6 9. O-O b6 10. Be3 Bb7 11. Bd5 e6 12. Bxc6 Bxc6 13. Qd3 Bb7 14. Rac1 c5 15. Rfd1 Qd7 16. Qb1 Qa4 17. Ng3 h5 18. dxc5 h4 19. Nf1 Bxe4 20. Qb3 Bc6 21. Qxa4 Bxa4 22. Re1 bxc5 23. Bxc5 Rfc8 24. Bd4 Bxd4 25. cxd4 Rab8 26. Rc5 Rd8 27. Ra5 Rxd4 28. Rxa7 Rb2 29. a3 Rf4 30. g3 Rd4 31. Ne3 h3 32. Rc7 Bd7 33. Rc2 Rxc2 34. Nxc2 Rd2 35. Nb4 e5 36. Ra1 e4 37. Rc1 Ba4 38. Ra1 Kg7 39. Re1 f5 40. Kf1 Bb5+ 41. Kg1 Kh6 42. Rc1 Ba4 43. Na6 Bc6 44. Nb4 e3 45. fxe3 Rg2+ 46. Kf1 Bb5+ 47. Ke1 Re2+ 48. Kd1 Rxh2 49. Rc8 Be2+ 50. Ke1 Bh5 51. Kf1 Rb2 52. Rc2 Rb1+ 53. Kf2 h2 0-1

[Event "CAN-op"]
[Site "Victoria CAN"]
[Date "2012.07.09"]
[Round "4"]
[White "Ummel, Igor"]
[Black "MacKinnon, Keith"]
[Result "1-0"]
[WhiteElo "2171"]
[BlackElo "2183"]
[PlyCount "93"]
[GameId "2160767909442634"]
[EventDate "2012.07.08"]
[EventType "swiss"]
[EventRounds "9"]
[EventCountry "CAN"]
[SourceTitle "CBM 149 Extra"]
[Source "ChessBase"]
[SourceDate "2012.08.24"]
[SourceVersion "1"]
[SourceVersionDate "2012.08.24"]
[SourceQuality "1"]

1. e4 c5 2. Nc3 Nc6 3. f4 g6 4. Nf3 Bg7 5. Bc4 d6 6. O-O e6 7. d3 Nge7 8. Qe1 Nd4 9. Nxd4 cxd4 10. Ne2 O-O 11. Bb3 Bd7 12. f5 exf5 13. Qh4 Be6 14. Bg5 Re8 15. exf5 Nxf5 16. Rxf5 f6 17. Bxf6 Bxf6 18. Rxf6 Bxb3 19. Nxd4 Bf7 20. Qf4 Qe7 21. Rf1 Rf8 22. Nb5 Bxa2 23. Rxf8+ Rxf8 24. Qxf8+ Qxf8 25. Rxf8+ Kxf8 26. Nxd6 Bb1 27. c3 Bxd3 28. Nxb7 Ke7 29. Kf2 Be4 30. Nc5 Bd5 31. g3 Kd6 32. Nd3 g5 33. Ke3 h5 34. Kd4 h4 35. Nf2 hxg3 36. hxg3 Kc6 37. c4 Bf3 38. b4 a6 39. Ne4 g4 40. Nc5 Kb6 41. Nd7+ Kc7 42. Ne5 Be2 43. c5 Bf1 44. Nxg4 Kc6 45. Ne3 Bh3 46. g4 Kb5 47. Kd5 1-0

[Event "CAN-op"]
[Site "Victoria CAN"]
[Date "2012.07.09"]
[Round "4"]
[White "Wu, Ruining (Ray)"]
[Black "Plotkin, Victor"]
[Result "0-1"]
[WhiteElo "1835"]
[BlackElo "2411"]
[PlyCount "120"]
[GameId "2160767909442635"]
[EventDate "2012.07.08"]
[EventType "swiss"]
[EventRounds "9"]
[EventCountry "CAN"]

1. d4 Nf6 2. c4 e6 3. g3 d5 4. Bg2 Be7 5. Nf3 O-O 6. O-O dxc4 7. Qc2 a6 8. Qxc4 b5 9. Qc2 Bb7 10. Bd2 Be4 11. Qc1 Qc8 12. Bf4 c5 13. a4 Nbd7 14. Nc3 Bc6 15. axb5 axb5 16. Rxa8 Qxa8 17. dxc5 b4 18. Nb1 Bxc5 19. Be3 Be7 20. Rd1 Rc8 21. Qd2 Ng4 22. h3 Nxe3 23. Qxe3 Nf6 24. Ne1 Nd5 25. Qd2 Nb6 26. Bxc6 Qxc6 27. b3 Nd5 28. Nf3 h6 29. Qd3 Qc2 30. Kg2 Qxd3 31. Rxd3 Rc2 32. Nbd2 Rb2 33. Nd4 Bc5 34. e3 g6 35. Kf3 Kg7 36. h4 h5 37. Kg2 Nc3 38. Nc4 Rb1 39. Nf3 Nd5 40. Nfd2 Rc1 41. Kf3 Rc3 42. Ke2 Rc2 43. Kf3 Be7 44. Ke2 f5 45. f4 Bf6 46. Kf3 Bc3 47. Ke2 Ra2 48. Kf3 Nf6 49. e4 Ng4 50. Rd7+ Kf8 51. e5 Ke8 52. Rd6 Ke7 53. Rd3 Ra1 54. Ne3 Bxe5 55. fxe5 Nxe5+ 56. Ke2 Nxd3 57. Kxd3 Rc1 58. Kd4 Rc3 59. Nef1 Kf6 60. Nc4 Rxb3 0-1